Statistics for Girly Bacon Puzzle

Click here to take the quiz!

General Stats

  • This quiz has been taken 26,329 times
    (26,314 since last reset)
  • The average score is 8 of 15

Answer Stats

Actress% Correct
Sandra Bullock
92%
Meg Ryan
83%
Julia Roberts
74%
Geena Davis
68%
Penelope Cruz
67%
Meryl Streep
66%
Nicole Kidman
66%
Cameron Diaz
63%
Anne Hathaway
56%
Amy Adams
51%
Scarlett Johansson
51%
Rosie O'Donnell
43%
Natalie Portman
40%
Candice Bergen
17%
Kathy Bates
13%

Score Distribution

Percentile by Number Answered

Percent of People with Each Score

Your Score History

You have not taken this quiz since the last reset